Abrégé de chimie / (Record no. 161659)

MARC details
000 -LEADER
campo de control de longitud fija 00756nam a22002175i 4500
001 - NÚMERO DE CONTROL
campo de control 161659
003 - IDENTIFICADOR DE NÚMERO DE CONTROL
campo de control ES-MaACL
005 - FECHA Y HORA DE LA ÚLTIMA TRANSACCIÓN
campo de control 20251003063141.0
008 - DATOS DE LONGITUD FIJA--INFORMACIÓN GENERAL
campo de control de longitud fija 001020m1854 fr a |||| | fre d
040 ## - FUENTE DE CATALOGACIÓN
Centro catalogador/agencia de origen EXT
Lengua de catalogación spa
Centro/agencia transcriptor EXT
100 1# - ENTRADA PRINCIPAL--NOMBRE DE PERSONA
Nombre de persona Pelouze, Jules,
Fechas asociadas al nombre 1807-1867
9 (RLIN) 152210
245 10 - MENCIÓN DEL TÍTULO
Título Abrégé de chimie /
Mención de responsabilidad, etc. par J. Pelouze, E. Fremy.
250 ## - MENCION DE EDICION
Mención de edición 3éme. éd.
260 ## - PUBLICACIÓN, DISTRIBUCIÓN, ETC.
Lugar de publicación, distribución, etc. Paris :
Nombre del editor, distribuidor, etc. Librairie de Victor Masson,
Fecha de publicación, distribución, etc. 1854 (
Fabricante Typ. et stér. de Creté)
300 ## - DESCRIPCIÓN FÍSICA
Extensión 2 v. :
Otras características físicas il. ;
Dimensiones 23 cm.
597 ## - NOTA DE DESCRIPCIÓN FÍSICA
NOTA DE DESCRIPCIÓN FÍSICA T.I. (VI, 275, 216 p.) -- T.II. (VI, p. 217-452) -- T.III. (350 p.)
650 07 - PUNTO DE ACCESO ADICIONAL DE MATERIA--TÉRMINO DE MATERIA
Término de materia o nombre geográfico como elemento de entrada Química
Fuente del encabezamiento o término embne
9 (RLIN) 16625
700 1# - ENTRADA AGREGADA--NOMBRE PERSONAL
Nombre de persona Fremy, Edmond.
9 (RLIN) 52501
852 ## - LOCALIZACIÓN
Ubicación ES-MaACL
Número de control de estantería G-3805-06
Nota libre -- Enc. hol.
condición física -- Sólo T. I-II
Holdings
Estatus retirado Estado de pérdida Estado de daño No para préstamo Colección Biblioteca de origen Biblioteca actual Ubicación en estantería Fecha de adquisición Total de préstamos Signatura topográfica completa Código de barras Visto por última vez Precio de reemplazo Tipo de ítem Koha
        Libros del s. XIX Biblioteca del Ateneo de Madrid Biblioteca del Ateneo de Madrid Depósito 2 17/01/2008   G-3805-06 1169338 23/02/2023 23/02/2023 Libro impreso antiguo